[Event "MK Cafe Cup-A"]
[Site "Koszalin"]
[Date "1999.08.06"]
[Round "4"]
[White "Tregubov, Pavel V"]
[Black "Tukmakov, Vladimir B"]
[Result "1/2-1/2"]
[WhiteElo "2609"]
[BlackElo "2557"]
[Annotator "Huzman,A"]
[PlyCount "91"]
[EventDate "1999.08.03"]
[EventType "swiss"]
[EventRounds "9"]
[EventCountry "POL"]
[SourceTitle "CBM 073"]
[Source "ChessBase"]
[SourceDate "1999.12.01"]
[SourceVersion "1"]
[SourceVersionDate "1999.12.01"]
[SourceQuality "1"]

1. d4 Nf6 2. Nf3 d5 3. c4 e6 4. Nc3 dxc4 5. Qa4+ Nbd7 6. e4 a6 7. Bxc4 Rb8 8.
Qc2 b5 9. Bd3 Bb7 10. Bf4 Rc8 11. Rd1 (11. d5 $1 Nh5 12. Be3 e5 13. a4 b4 14.
Na2 (14. Ne2 $5 $14) 14... c6 15. dxc6 Rxc6 $132 {1/2-1/2 Gelfand,B-Psakhis,L/
Polanica Zdroj 1997/Inf 71/ (36)}) 11... c5 12. dxc5 (12. d5 c4 (12... Qb6 13.
dxe6 Qxe6 14. Ng5 Qg4 15. g3 Qh5 16. h4 h6 17. Be2 Qg6 18. h5 hxg5 19. hxg6
Rxh1+ 20. Bf1 gxf4 $19 {0-1 Pedersen,H-Christensen,R/DEN-ch corr 1949/CR97-49 
(33)}) 13. Be2 (13. dxe6 cxd3 14. exf7+ $2 (14. exd7+ $142 Qxd7 15. Rxd3 Qg4
$44) 14... Kxf7 15. Rxd3 Qe8 $1 16. O-O Nc5 17. Re3 Kg8 18. Rfe1 h6 19. e5 Nh5
20. Bg3 Ne6 $17 {0-1 Kramnik,V-Ehlvest,J/Novgorod 1995/CBM 48/[Ftacnik] (30)})
13... b4 14. dxe6 fxe6 15. e5 Nd5 16. Nxd5 Bxd5 17. Ng5 Be7 18. Bh5+ g6 19.
Bxg6+ Kf8 20. Nf7 $18 {1-0 Martin,P-Wexler/Buenos Aires ch-ARG 1951 (41)})
12... Bxc5 (12... Qa5 13. c6 Bxc6 14. O-O Nc5 15. Rfe1 Nxd3 16. Qxd3 Be7 17.
Bd6 Rd8 18. e5 Bxd6 19. exd6 Bxf3 20. Qxf3 O-O 21. Re3 b4 22. Ne4 Nd5 $11 {
1/2-1/2 Kljako,D-Sher,M/Biel 1990/CBM 19 ext (32)}) 13. Qe2 (13. O-O $2 b4 14.
Na4 $140 Be3 $1) 13... Nh5 (13... O-O {would let White to make a thematic
sacrifice} 14. e5 Nd5 15. Nxd5 (15. Bxh7+ Kxh7 16. Ng5+ Kg8 (16... Kg6 $4 17.
Qe4+ f5 18. exf6+ Kxf6 (18... Kh5 19. g4+ Kxg4 (19... Kh4 20. Qh7+ Kxg4 21.
Rg1+ Kxf4 22. Qe4#) 20. Rg1+) 19. Qxe6#) 17. Qh5 (17. Qd3 N7f6 18. exf6 Nxf6
19. Qg3 Qb6 20. O-O $36 {[%cal Gg3h4]}) (17. Nxd5 exd5 18. Qh5 Nf6 19. exf6
Re8+ 20. Be3 Qxf6 (20... Bb4+ 21. Kf1 Qxf6 22. Bd4 Qg6 (22... Qxd4 23. Qxf7+
Kh8 $11)) 21. O-O) 17... N7f6 18. exf6 Nxf6 19. Qh4 Qb6 20. O-O Rfd8 (20... b4
21. Be5 $18) 21. Rxd8+ Rxd8 22. Be5 Bd4 $15) 15... Bxd5 16. Bxh7+ Kxh7 17. Ng5+
Kg6 (17... Kg8 $4 18. Qh5 Bb4+ 19. Kf1 $18) 18. Qd3+ f5 19. Qg3 $1 (19. exf6+
Kxf6 20. Nh7+ Kf7 $17) (19. h4 Bb4+ 20. Ke2 Bc4 21. h5+ Kh6 22. Nxe6+ Kh7 23.
Nxd8 Bxd3+ (23... Rfxd8 24. Bg5) 24. Rxd3 Nc5 25. Nb7 $1 (25. Rd4 Rfxd8 26.
Rxb4 Nd3 $17) 25... Nxb7 26. h6 Rfd8 27. hxg7+ Kg8 $1 (27... Kxg7 28. Rg3+ $16)
28. Rdh3 $40 {/~~}) 19... Qa5+ (19... Bxf2+ 20. Qxf2 (20. Kxf2 Rc2+ 21. Rd2
Rxd2+ (21... Qb6+ 22. Ke2 Rxd2+ 23. Bxd2 $16) 22. Bxd2 f4 $1 23. Bxf4 Rxf4+ 24.
Nf3+ $1 Kf5 25. Qh3+ Ke4 26. Qh7+ $1 (26. Re1+ Kd3) 26... Rf5 27. Rd1 $44)
20... Qa5+ 21. Kf1 $16 {[%csl Rg6]}) 20. Kf1 $1 (20. Bd2 Bb4 (20... Qxa2 21. h4
$1 (21. Nxe6+) 21... Nxe5 22. Qxe5 (22. h5+ Kf6 23. Nh7+ Kf7 24. Qxe5 Rg8)
22... Rh8 23. g4 $1 $18 Bxh1 (23... fxg4 24. h5+ Rxh5 25. Rxh5 Kxh5 26. Nxe6+
Kg6 27. Qxg7+ Kf5 28. Qf7+ Ke4 (28... Ke5 29. Bf4+ Ke4 30. Ng5#) 29. f3+ Kd3 (
29... gxf3 30. Qg6+ Ke5) 30. Qg6+ Be4 31. Qxe4#) 24. h5+ Rxh5 25. gxh5+ Kxh5
26. Nxe6 $18) 21. O-O (21. Nxe6+ Kf7 22. Nxf8 Bxd2+ 23. Rxd2 Rc1+ 24. Ke2 Bc4+
25. Ke3 Rc3+ $1 26. bxc3 Qxc3+ 27. Rd3 (27. Kf4 Qxe5+ 28. Kg5 f4+ $19) 27...
Qxd3+ 28. Kf4 Qe4+ 29. Kg5 Nxf8 $19) 21... Bxd2 22. Nxe6+ Kf7 (22... Kh5 23. f4
$1 $18) 23. Nxf8 Nxf8 24. Qd3 $13) 20... Qxa2 (20... Bxf2 21. Qxf2 Qxa2 22. Qg3
Qb3) 21. h4 $1 Qc4+ 22. Kg1 Rh8 (22... Bxf2+ 23. Kxf2 Qc5+ 24. Ke1 Qb4+ 25. Bd2
Qg4 26. h5+ $18) 23. h5+ $1 Rxh5 24. Rxh5 Kxh5 25. Qh3+ Kg6 26. Qh7#) 14. Bc1 (
14. Bg5 Qc7 {[%cal Yh5f4]} 15. O-O h6 (15... O-O 16. e5 Bxf3 17. Qxf3 g6 18.
Be2 Nxe5 19. Qh3 {-see game.}) 16. Bc1 Nf4 17. Bxf4 Qxf4 18. a4 $1 $36) 14...
Qc7 15. O-O O-O (15... Nf4 16. Bxf4 Qxf4 17. a4 $36) 16. e5 $5 Bxf3 17. Qxf3 g6
18. Be2 $1 Nxe5 19. Qh3 Ng7 (19... Nf6 20. Qh4 (20. Bf4 $6 Bd6) 20... Ned7 (
20... Nfd7 21. Ne4 $44) 21. Bg5 Qe5 (21... Ne8 22. a4 $44) 22. Rfe1 Qf5 23. Bh6
Rfd8 24. g4 Nxg4 (24... Qc2 25. Rd2 $18) 25. Bxg4 Bxf2+ 26. Qxf2 Qxg4+ 27. Kh1
$16) 20. Bf4 $44 f6 21. a4 $1 bxa4 (21... b4 $2 22. Ne4 a5 23. Ba6 (23. Rc1 Qe7
) 23... Ra8 24. Rc1 Rxa6 25. Rxc5 $16) 22. Bxa6 Ra8 23. Bb5 a3 24. Rd7 Qxd7 $2
(24... Qb6 $1 25. Bxe5 fxe5 26. Qh6 Rf7 (26... Bxf2+ 27. Kh1) 27. Rxf7 (27.
bxa3 Rxd7 28. Bxd7 Qb7 $1 29. Ba4 Bd4 $19) (27. Ne4 Rxd7 28. Nf6+ (28. Bxd7
axb2 $19) 28... Kf7 29. Nxd7 Qxb5 30. Nxe5+ Kg8 $19) 27... Kxf7 28. Qd2 (28.
bxa3 Rxa3 29. Ne4 Qxb5 30. Ng5+ Ke8 31. Qxg7 Bxf2+ $1 $19 32. Kxf2 Qc5+ 33. Ke1
Qc1+ 34. Ke2 Qc2+ 35. Ke1 Ra1#) 28... Kg8 (28... a2 29. Ra1 Kg8 30. Bc4 Rf8 31.
Nd1 $11) 29. bxa3 Rxa3 30. Bc4 Bb4 (30... Qa5 31. Ne4 Qxd2 32. Nxd2 $15) 31.
Nd5 $8 Bxd2 32. Nxb6 e4 $17) 25. Bxd7 Nxd7 26. Qd3 Rf7 27. bxa3 (27. Ra1 $5 Ra7
(27... Ne5 28. Bxe5 fxe5 29. Ne4 Bd4 30. Rxa3 Raf8 31. Qe2 $16) 28. bxa3 Rxa3
29. Rxa3 Bxa3 $14) 27... Rxa3 28. Qc4 g5 (28... Ra8 29. Ne4 Bf8 $14) 29. Bc1 (
29. Ne4 Be7 30. Bc1 Ra8 {-see game}) 29... Ra8 30. Ne4 Be7 (30... Bf8 31. Bb2
$16 {[%csl Rf6]}) 31. Qc6 (31. Bb2 Nf8 32. f4 gxf4 33. Rxf4 f5 34. Ng3 Bd6 $132
) 31... Rd8 (31... Ra7 32. Be3 Ne5 33. Qc3 (33. Qc8+ Rf8 34. Qxf8+ Kxf8 35.
Bxa7 $14) 33... Ra2 34. Nxg5 $16) 32. Rd1 $1 (32. f4 gxf4 33. Bxf4 Nf8 $14)
32... Nf8 33. Rxd8 Bxd8 34. Ba3 $1 $16 f5 $2 (34... Rd7 35. Kf1 Rd3 36. Bd6 $16
) (34... h6 35. Qc8 Bb6 36. Bb2 $1 (36. Bxf8 Rc7 $1 (36... Rxf8 37. Nxf6+ Kf7
38. Qc3 Bxf2+ $1 39. Kxf2 Kg6 40. Qd3+ $1 Kxf6 41. Qh7 $1 $16) 37. Nxf6+ Kf7
38. Qxc7+ Bxc7 39. Bxg7 Be5 40. Bxh6 Bxf6 41. h3 (41. f4 g4 42. Kf2 Kg6 (42...
Be7 {[%csl Rh6][%cal Yf7g6]} 43. Bg5 Bxg5 44. fxg5 Kg6 45. Ke3 $1 Kxg5 46. Ke4
$18) 43. Bf8 Kf5 $14) 41... e5 $1 42. f3 Be7 43. h4 $11) 36... e5 37. Qh3 $16)
35. Nc5 (35. Qa8 $1 Be7 (35... fxe4 36. Qxd8 h6 37. g4 $1 $18) (35... Rd7 $2
36. Nf6+ $18) (35... g4 36. Qxd8 fxe4 37. Qa8 $16) 36. Bxe7 Rxe7 37. Nxg5 $16)
35... Be7 36. h3 h6 $14 37. Kf1 Kh7 38. Bb2 Bxc5 39. Qxc5 Ng6 $11 40. Qd6 Rb7
41. Bc3 e5 42. Bxe5 Nxe5 43. Qxe5 Rb6 44. Kg1 Re6 45. Qd5 Kg6 46. Kh2 1/2-1/2

[Event "Staufer op 07th"]
[Site "Schwaebisch Gmuend"]
[Date "1995.01.06"]
[Round "9"]
[White "Ivanov, Mikhail M"]
[Black "Kalinitschew, Sergey"]
[Result "0-1"]
[WhiteElo "2450"]
[BlackElo "2465"]
[Annotator "Kalinitschew,S"]
[PlyCount "90"]
[EventDate "1995.01.??"]
[EventType "swiss"]
[EventRounds "9"]
[EventCountry "GER"]
[SourceTitle "CBM 045 Extra"]
[Source "ChessBase"]
[SourceDate "1995.05.01"]
[SourceVersion "1"]
[SourceVersionDate "1995.05.01"]
[SourceQuality "1"]

1. Nf3 d5 2. c4 c6 3. d4 Nf6 4. Qc2 dxc4 5. Qxc4 Bf5 6. Nc3 e6 7. g3 Nbd7 8.
Bg2 Be7 9. O-O O-O 10. Bg5 h6 11. Bxf6 Bxf6 12. Rfd1 $6 Bc2 $1 {[%csl Rc4]} 13.
Rd2 $146 (13. Rdc1 Nb6 14. Qc5 Bf5 15. Qa3 a5 $1 16. Na4 Nxa4 17. Qxa4 Qb6 18.
b3 Qb4 $1 (18... Be4 19. e3 Bxf3 20. Bxf3 e5 21. dxe5 Bxe5 22. Rab1 Qb4 23. a3
{1/2-1/2 Romanishin,O-Kalinitschew,S/Germany 1992/BL2-N9192/ 1991}) 19. e3 Qxa4
20. bxa4 Rac8 $1 21. Nd2 c5 $1 22. Bxb7 Rb8 23. Be4 cxd4 $17 {Kovalev,A}) 13...
Nb6 14. Qc5 Be7 15. Qa5 Bh7 $5 16. e4 Nc4 17. Qxd8 Rfxd8 18. Re2 Rd7 19. Bh3
Bf6 $1 20. e5 (20. d5 Bxc3 21. dxe6 Rd3 $19) 20... Be7 $17 21. b3 Na3 22. Rc1
Rad8 23. Bf1 Bb4 24. Rb2 a6 25. Kg2 Bxc3 26. Rxc3 Be4 27. b4 Nb5 28. Bxb5 axb5
29. Kh3 Bxf3 30. Rxf3 Rxd4 31. Ra3 g5 32. Ra7 R8d7 33. a4 bxa4 34. Rxa4 Re4 35.
Ra5 Rd5 36. b5 Rexe5 37. bxc6 bxc6 38. Ra8+ Kg7 39. Rbb8 h5 40. Rg8+ Kf6 41.
Rh8 g4+ 42. Kh4 Rf5 43. Ra2 Kg7 44. Rc8 Rc5 45. Rd2 Rc1 {2.11-1.58} 0-1

[Event "POL Supercup"]
[Site "Warsaw"]
[Date "2001.06.24"]
[Round "2"]
[White "Grabarczyk, Miroslaw"]
[Black "Ivanchuk, Vassily"]
[Result "1/2-1/2"]
[WhiteElo "2506"]
[BlackElo "2731"]
[Annotator "Konikowski,J"]
[PlyCount "31"]
[EventDate "2001.06.23"]
[EventType "team"]
[EventRounds "2"]
[EventCountry "POL"]
[SourceTitle "CBM 084"]
[Source "ChessBase"]
[SourceDate "2001.09.13"]
[SourceVersion "1"]
[SourceVersionDate "2001.09.13"]
[SourceQuality "1"]

1. d4 d5 2. c4 c6 3. Nf3 Nf6 4. Qc2 dxc4 5. Qxc4 Bf5 6. g3 e6 7. Bg2 Be7 8. O-O
O-O 9. Nc3 Nbd7 10. Re1 Ne4 11. Qb3 Qb6 12. Nh4 Bxh4 (12... Qxb3 13. axb3 Bxh4
14. gxh4 Nef6 15. e4 Bg6 16. Bf4 Rfe8 17. Bd6 a6 18. d5 cxd5 19. exd5 e5 $11 {
Kludacz,M-Kononenko,T/Warsaw POL 2001/}) 13. gxh4 $146 {[%mdl 8]} (13. Nxe4
Bxe4 14. Bxe4 Bf6 15. Qc2 Bxd4 16. Bxh7+ Kh8 17. e3 Bf6 18. Bd3 Nc5 19. Be2
Rad8 20. Rb1 Qb4 21. Kf1 Qe4 22. Qxe4 Nxe4 23. Bf3 Nd2+ 24. Bxd2 Rxd2 25. Re2
Rfd8 26. Ke1 Rxe2+ 27. Kxe2 {1/2-1/2 Benko,P-Gheorghiu,F/Mar del Plata 1965/})
(13. Qxb6 Nxb6 14. Nxe4 Bxe4 15. Bxe4 Bf6 $11) 13... Nef6 14. e4 (14. Qxb6 Nxb6
15. Bg5 h6 16. Bxf6 gxf6 $11) 14... Bg6 (14... Qxb3 15. axb3 Bg4 $11) 15. Qxb6
axb6 16. Bf4 1/2-1/2

[Event "WchT 3rd"]
[Site "Luzern"]
[Date "1993.??.??"]
[Round "9.1"]
[White "Xu, Jun"]
[Black "Ivanchuk, Vassily"]
[Result "0-1"]
[WhiteElo "2535"]
[BlackElo "2705"]
[Annotator "Kortschnoj,V"]
[PlyCount "124"]
[EventDate "1993.10.24"]
[EventType "team-tourn"]
[EventRounds "9"]
[EventCountry "SUI"]
[SourceTitle "CBM 038"]
[Source "ChessBase"]
[SourceDate "1994.02.01"]
[SourceVersion "1"]
[SourceVersionDate "1994.02.01"]
[SourceQuality "1"]
[WhiteTeam "China"]
[BlackTeam "Ukraine"]
[WhiteTeamCountry "CHN"]
[BlackTeamCountry "UKR"]

1. d4 d5 2. c4 e6 3. Nf3 dxc4 4. Qa4+ (4. e3) 4... Nd7 5. e4 Ngf6 6. Nc3 a6 7.
Bxc4 Rb8 8. Qc2 b5 9. Be2 (9. Bd3 c5 $10) 9... Bb7 10. O-O $6 (10. e5 Nd5 11.
Bg5 $1 $14) 10... b4 11. e5 bxc3 12. exf6 cxb2 13. fxg7 bxa1=N $3 (13... bxa1=Q
$2 14. gxh8=Q $16) 14. gxh8=Q Nxc2 15. Bg5 Bxf3 $5 (15... Qc8 16. Bh6 {/\ Ne5,
Ne5<=>}) 16. Bxd8 Bxe2 17. Bxc7 (17. Rc1 Kxd8 $19) 17... Rb7 18. Bd6 Bxf1 19.
Kxf1 Rb6 20. Bxf8 Nxf8 $17 21. g3 Nb4 22. Qe5 Nd5 23. h4 Ng6 24. Qg7 h5 25.
Qg8+ Ke7 26. Qc8 Nf8 27. a4 Nd7 28. a5 Rd6 29. Qc4 Kd8 30. Qe2 N7f6 31. Qc4 Kd7
32. Qc5 Ne4 33. Qa3 f5 34. Kg2 Rc6 35. Qb2 Kc8 36. Qe2 Nef6 37. Qb2 f4 38. gxf4
Nxf4+ 39. Kg3 N6d5 40. Qd2 Rc3+ 41. f3 Kc7 42. Qb2 Rc6 43. Qd2 Kc8 44. Qb2 Rc7
45. Kh2 Rc4 46. Qa3 Rb4 47. Qc1+ Kb7 48. Qd2 Kc6 49. Qc2+ Kb5 50. Qc5+ Ka4 51.
Qc6+ Kxa5 52. Qc5+ Rb5 53. Qa3+ Kb6 54. Qd6+ Ka7 55. Qd7+ Rb7 $19 56. Qd6 Rc7
57. Kh1 a5 58. Qa3 Ka6 59. Qb3 Rc6 60. Kh2 Nb6 61. Qe3 Nfd5 62. Qe2+ Nc4 0-1

[Event "EU-Cup 27th"]
[Site "Rogaska Slatina"]
[Date "2011.09.30"]
[Round "6"]
[White "Mamedyarov, Shakhriyar"]
[Black "Inarkiev, Ernesto"]
[Result "1-0"]
[WhiteElo "2746"]
[BlackElo "2692"]
[Annotator "Krasenkow,M"]
[PlyCount "107"]
[EventDate "2011.09.25"]
[EventType "team-swiss"]
[EventRounds "7"]
[EventCountry "SLO"]
[SourceTitle "CBM 145"]
[Source "ChessBase"]
[SourceDate "2011.11.11"]
[SourceVersion "1"]
[SourceVersionDate "2011.11.11"]
[SourceQuality "1"]
[WhiteTeam "SOCAR"]
[BlackTeam "Tomsk 400"]
[WhiteTeamCountry "AZE"]
[BlackTeamCountry "RUS"]

1. d4 d5 2. c4 c6 3. Nf3 Nf6 4. Qc2 dxc4 5. Qxc4 Bg4 6. Nc3 Nbd7 7. e4 Bxf3 8.
gxf3 e5 {This line (the most principled after 4...Bg4) was examined in CBM 110
(annotations to Vaganian - Fressinet by GM A.Huzman).} 9. Be3 (9. dxe5 Nxe5 10.
Qe2 Bc5 {(the simplest)} 11. Bd2 Nh5 $5 12. f4 Qxd2+ 13. Kxd2 Nxf4 14. Qd1
O-O-O+ 15. Nd5 Nxd5 16. Kc1 Nf4 17. Qc2 Bxf2 $44 {1/2 Caspi,I (2451)-Postny,E 
(2585)/Aix-les-Bains 2011/CBM 142 (41)}) 9... exd4 {It is the best for Black
to make this move, deflecting White's bishop from the f4-square, at once.} (
9... Qa5 10. O-O-O exd4 11. Bxd4 Bd6 12. Bh3 $1 Bf4+ 13. Kb1 Ne5 {1/2 Vaganian,
R (2614)-Fressinet,L (2627)/Saint Vincent 2005/CBM 110/[Huzman] (43)} 14. Qf1
$1 c5 15. Be3 Bxe3 16. fxe3 c4 17. Qg2 O-O 18. Rhg1 Ne8 19. Qg5 $16 {A.Huzman})
(9... Bd6 10. O-O-O O-O (10... Qc7 11. dxe5 Bxe5 12. Ne2 Nh5 13. Kb1 Nb6 14.
Qb4 Nf4 15. a4 Nxe2 16. Bxe2 Bf6 17. f4 $16 {1-0 Vorobiov,E (2592)-Soumya,S 
(2281)/Chalkis 2010/CBM 137 Extra (24)}) 11. dxe5 Bxe5 12. Ne2 Qe7 13. f4 Bc7 {
1/2 Khairullin,I (2575)-Buhmann,R (2561)/Zvenigorod 2008/EXT 2009 (19)} 14. Bg2
$14 {[%cal Ye2d4]}) 10. Bxd4 Bd6 11. O-O-O Qc7 (11... Qe7 $5 12. Kb1 (12. Bh3
Ne5 13. Qb3 Nxf3 14. Bxf6 Qxf6 15. Bd7+ Kf8 16. Qxb7 Rb8 17. Qxc6 Nd4 $36 {
0-1 Papin,V (2569)-Rublevsky,S (2678)/Olginka 2011/CBM 141 Extra (46)}) 12...
O-O 13. h4 Rfd8 14. h5 h6 15. Qe2 Be5 16. Qe3 Bxd4 17. Rxd4 Nc5 18. Rxd8+ Rxd8
19. Be2 b6 20. Rg1 {1/2 Gonda,L (2555)-Feher,A (2341)/Budapest 2011/CBM 140
Extra}) 12. Ne2 {[%csl Rf4]} (12. h4 O-O 13. Ne2 Rad8 14. Qc2 Nh5 15. Bh3 Ndf6
16. Qc3 c5 17. Be3 Be5 18. Qc2 Nf4 $15 {0-1 Bu Xiangzhi (2708)-Gelfand,B (2723)
/Yerevan 2008/CBM 124 Extra (31)}) (12. Be3 O-O 13. Ne2 Ne5 14. Qd4 Rfd8 15.
Bg2 Ng6 16. h4 Be5 $15 {0-1 Yaksin,O (2414)-Artemiev,V (2401)/Izhevsk RUS 2011/
The Week in Chess 872 (30)}) (12. Bh3 b5 {1-0 Andersson,U (2635)-Christiansen,
L (2585)/London 1982/MCD (44)} (12... O-O $142 $11) 13. Qd3 $1 Ne5 14. Qc2 Nxf3
15. Bxf6 gxf6 16. Qd3 Bf4+ 17. Kb1 Ne5 18. Qc2 {[%cal Rc3d5]} Nc4 19. Bf1 O-O
20. Bxc4 bxc4 21. Ne2 $44) (12. Kb1 O-O 13. h4 Nh5 (13... Rfd8 $11) 14. Bxg7
Nxg7 15. Qd4 Be5 16. Qxd7 Qb6 17. Qd2 Rad8 18. Bd3 Ne6 $44 {0-1 Demuth,A (2394)
-Arizmendi Martinez,J (2532)/La Massana 2010/CBM 137 Extra (31)}) (12. Rg1 O-O
13. Bh3 Bf4+ $1 (13... Ne5 14. Qf1 Nh5 15. Bf5 Ng6 16. Kb1 Rfd8 17. Qc4 Be5 $11
{1-0 Gurevich,M (2643)-Vysochin,S (2555)/Istanbul 2006/EXT 2007/[Gurevich,M] 
(60)}) 14. Kb1 Ne5 15. Qf1 (15. Qe2 Rad8 16. Bf5 {1/2 Le Quang,L (2635)
-Harikrishna,P (2672)/Ha Long City 2009/CBM 133 Extra (126)} g6 $15) 15... c5 (
15... Rfd8 16. Ne2 Bxh2 17. Rg2 Ng6 $13 {M.Roiz}) 16. Qg2 g6 17. Be3 Nc4 18.
Bxf4 Qxf4 19. Qg3 (19. Qg5 $142 Qxf3 20. Qxc5 Qxh3 21. Qxc4 $11 {M.Roiz}) 19...
Nh5 20. Qg5 Qxh2 21. Qxh5 Qxf2 22. Na4 Nd2+ 23. Ka1 Nxf3 $36 {! 0-1 Landa K 
(2633)-Roiz M (2659)/Israel 102/294 2008/[Roiz,M] (39)}) 12... O-O (12... Ne5
13. Qc3 $1 Ng6 (13... c5 14. Be3 Nxf3 $2 15. Rxd6 Qxd6 16. Bf4) 14. h4 Nh5 15.
Rg1 O-O-O 16. Rg5 Ngf4 17. Ng3 Nxg3 18. fxg3 f6 19. Ra5 b6 20. Ra4 $36 {
<<1-0 Kuljasevic,D (2545)-Coleman,T (2282)/Berkeley 2011/CBM 140 Extra (31)})
13. Qc2 Rfe8 {Or else:} (13... b5 $6 14. Kb1 Rfe8 15. Bh3 c5 16. Be3 Nb6 17.
Bg5 Be5 18. Bc1 Nh5 19. Rhg1 Nc4 20. b3 Rab8 21. Rg5 g6 {1-0 Ponomariov,R 
(2739)-Gelfand,B (2758)/Khanty Mansiysk 2009/CBM 134 (34)} 22. f4 $1 Nxf4 23.
Rxe5 $1 $16) (13... c5 14. Be3 Rfe8 15. Bg2 c4 16. Kb1 Rad8 17. f4 Ng4 18. e5
Bf8 19. Bd4 $16 {1-0 Landa,K (2635)-Szabo,K (2513)/Rijeka 2010/CBM 136 (33)}) (
13... Nh5 14. Be3 (14. Kb1 Rad8 15. Be3 Rfe8 16. Qc1 Nf8 17. Ng3 Nf6 18. Nf5
Ne6 19. Bc4 Be5 20. Rxd8 Rxd8 21. Rg1 g6 22. Nh6+ {1-0 Fridman,D (2655)-El
Debs,F (2499)/Caleta 2011/CBM 141 (24)} Kg7 23. Nxf7 $1 Qxf7 24. f4 $14) 14...
Ndf6 15. Kb1 Rad8 16. Qc1 Rfe8 17. Bg2 a5 18. Rd3 g6 19. h3 Bf8 20. Rxd8 Qxd8
21. Qc2 Qc7 22. f4 $14 {1-0 Tkachiev,V (2636)-Spoelman,W (2547)/Wijk aan Zee
2011/CBM 141 (46)}) (13... Rad8 14. Kb1 Rfe8 15. Bh3 Nh5 16. Ng3 Ndf6 17. Bg4
Be5 18. Bxe5 Qxe5 19. Bxh5 Nxh5 20. Qb3 g6 $11 {1/2 Khismatullin,D (2659)
-Potkin,V (2646)/Moscow 2010/CBM 140 (44)}) 14. h4 Nh5 15. Bh3 Rad8 16. Kb1 Nf8
17. Be3 Be5 {Black has obtained quite a solid position, with strong control of
the dark squares in the centre.} 18. Rdg1 (18. Bg4 Nf4 19. h5 Nxe2 20. Qxe2 h6
21. Rxd8 Rxd8 22. Rd1 Rxd1+ 23. Qxd1 c5 24. Qc1 Bd6 25. Qc4 (25. f4 Qc6 $132)
25... Nh7 26. f4 Bxf4 27. Qxc5 Qxc5 28. Bxc5 Nf6 29. Bf3 b6 30. Bd4 Nd7 $11 {
1/2 Garcia Roman,D (2464)-Arizmendi Martinez,J (2528)/Mislata 2010/CBM 138
Extra (46)}) 18... Nf4 (18... Ng6 $5 19. Bg4 $140 Nhf4 20. h5 Nxe2 21. Qxe2 Nf4
) 19. Nxf4 Bxf4 20. h5 Qe5 (20... Ne6 $142 $11) 21. Bf5 Rd6 (21... Ne6 22. Rg4
Bxe3 23. fxe3 Qc5 24. Qb3 Re7 25. f4 $14) 22. Rg4 Bxe3 23. fxe3 Red8 24. f4 Qb5
25. Rhg1 g6 26. hxg6 hxg6 27. R4g2 Qa5 $6 {Black underestimates Whie's
attacking chances.} (27... Qd3 {, exchanging queens was a must:} 28. e5 Qd1+
29. Qc1 Rd2 $1 30. Rxd1 Rxd1 31. Qxd1 Rxd1+ 32. Kc2 $14 {_|_}) 28. e5 Rd2 29.
Bxg6 $1 {[%mdl 640]} Nxg6 (29... Rxc2 30. Bh7+ $1 Kh8 31. Bxc2 Ng6 32. e6 $1
Kg7 (32... fxe6 33. Rxg6 Qh5 34. R6g5 $16 {[%csl Rh8]}) 33. exf7 Kxf7 34. Rxg6
Rd7 35. e4 $16 {[%csl Ge4,Gf4,Rf7]}) (29... Rxg2 30. Bh7+ $1 Nxh7 31. Qxg2+ Kf8
32. Qg8+ Ke7 33. Qxh7 Rd2 {, with some counterplay for the pawn, was probably
the best option for Black.}) 30. Rxg6+ Kf8 31. Rg8+ Ke7 32. Qb3 R8d7 $6 (32...
Rxg8 $142 33. Rxg8 Rd5) 33. e4 $40 {[%csl Re7]} Qc5 34. e6 $1 R7d3 (34... fxe6
35. R1g7+ $18) 35. Qxb7+ Rd7 $1 36. Qb3 R7d3 37. exf7 $1 Qxg1+ $8 38. Rxg1 Rxb3
39. axb3 $18 {[%mdl 4096]} Rd4 40. Rg6 (40. Re1 Kxf7 41. Kc2 {was even simpler,
e.g.} Ke6 42. Kc3 c5 43. f5+ Ke5 44. Rf1 $18) 40... Kxf7 41. Rxc6 Rxe4 42. Rc4
Re1+ 43. Kc2 Kf6 44. b4 Ke6 45. b5 Re3 46. b3 Rf3 47. Kb2 Kf5 48. Ka3 Rxf4 49.
Rxf4+ Kxf4 {In this pawn endgame White wins by means of shouldering:} 50. Kb4
$1 Ke4 (50... Ke3 $144 51. Kc4 Kd2 (51... Ke4 $144) 52. b4 Kc2 53. b6 $1 axb6
54. b5) 51. Kc4 $1 Ke3 52. b4 Kd2 53. b6 $1 axb6 54. b5 1-0